Statistical inference for spatial processes / (Record no. 1801)

MARC details
000 -LEADER
fixed length control field 00734pam a2200229 a 4500
001 - CONTROL NUMBER
control field BD-DhSAU 1801
003 - CONTROL NUMBER IDENTIFIER
control field BD-DhSAU
005 - DATE AND TIME OF LATEST TRANSACTION
control field 20150120152528.0
008 - FIXED-LENGTH DATA ELEMENTS--GENERAL INFORMATION
fixed length control field 871202s1988 enka b 001 0 eng
020 ## - INTERNATIONAL STANDARD BOOK NUMBER
International Standard Book Number 0521352347 (hrd bck.)
020 ## - INTERNATIONAL STANDARD BOOK NUMBER
International Standard Book Number 0521424208 (paper bck.)
040 ## - CATALOGING SOURCE
Original cataloging agency BD-DhSAU
082 00 - DEWEY DECIMAL CLASSIFICATION NUMBER
Classification number 519.53
Edition number 22
Item number RIS
100 1# - MAIN ENTRY--PERSONAL NAME
Personal name Ripley, B. D.
Fuller form of name Brian D. Ripley
245 10 - TITLE STATEMENT
Title Statistical inference for spatial processes /
Statement of responsibility, etc. Brian D. Ripley
260 ## - PUBLICATION, DISTRIBUTION, ETC. (IMPRINT)
Place of publication, distribution, etc. Cambridge [England] :
-- New York :
Name of publisher, distributor, etc. Cambridge University Press ;
Date of publication, distribution, etc. c1988.
300 ## - PHYSICAL DESCRIPTION
Extent viii, 148 p. :
Other physical details ill. ;
Dimensions 24 cm.
504 ## - BIBLIOGRAPHY, ETC. NOTE
Bibliography, etc Includes Bibliographical references & index.
590 ## - Name of Cataloguer
Name of Cataloger Jerin
650 #0 - SUBJECT ADDED ENTRY--TOPICAL TERM
Topical term or geographic name as entry element Spatial analysis (Statistics)
650 #0 - SUBJECT ADDED ENTRY--TOPICAL TERM
Topical term or geographic name as entry element Statistics
942 ## - ADDED ENTRY ELEMENTS (KOHA)
Source of classification or shelving scheme Dewey Decimal Classification
Koha item type Book
Holdings
Withdrawn status Lost status Source of classification or shelving scheme Damaged status Not for loan Home library Branch Name Shelving location Date acquired Total Checkouts Full call number Barcode Date last seen Price effective from Koha item type Collection code
    Dewey Decimal Classification     SAU Library SAU Library General Stacks 17/06/1993   519.53 RIS 23850 20/01/2015 20/01/2015 Book  
    Dewey Decimal Classification     SAU Library SAU Library General Stacks 17/06/1993   519.53 RIS 23851 20/01/2015 20/01/2015 Book  
    Dewey Decimal Classification   Not For Loan SAU Library SAU Library Reference 17/06/1993   519.53 RIS 23849 02/05/2015 02/05/2015 Book Reference